Normal view
MARC view
Entry Personal Name
001 - CONTROL NUMBER
- control field: 9241
003 - CONTROL NUMBER IDENTIFIER
- control field: dpl
005 - DATE AND TIME OF LATEST TRANSACTION
- control field: 20100809123727.0
008 - FIXED-LENGTH DATA ELEMENTS
- fixed length control field: 100809|||a|||||| | ||| d
040 ## - CATALOGING SOURCE
- Original cataloging agency: dpl
- Transcribing agency: dpl
100 ## - HEADING--PERSONAL NAME
- Personal name: Gaddaffe, S. F. Mohamed
670 ## - SOURCE DATA FOUND
- Source citation: Work cat.: (dpl): Gaddaffe, S. F. Mohamed, History of communist party in Tamil Nadu (1964-1975), 2008
670 ## - SOURCE DATA FOUND
- Source citation: Work cat.: (dpl): Gaddaffe, S. F. Mohamed, History of communist party in Tamil Nadu (1964-1975), 2008
